00545nam a22001817a 450000500170000001000140001702000250003103500130005603700130006908200080008210000200009024500890011026000400019927000730023930000270031265000210033970000030036020100806154617.0 aENG-98950 c75.00a9788188787173 aEN-82482 bDBAD/PUB a331 aArumugam, M. U. aCollectiv productivity bargaining in India :cby M. U. Arumugam blabour economics / aChennai bSudaroli Pathipagamc2009 aNo. A3, 99, Panchali Amman Koil Street, ArumbakkambChennai e600005 a102 p. c20 cm. (Pbk) aLabour economics